000 00203 a2200097 4500
001 46768
100 _aSims H
245 _aAmerican aces
260 _aNew York
_bHarper & row
_c
090 _c29862
_d29862
942 _aNUST-CAE
_cM
_c22071
999 _c281841
_d281841